Conflict of East and West in Turkey / (Record no. 65049)
[ view plain ]
| 000 -LEADER | |
|---|---|
| fixed length control field | 00797nam a2200265 a 4500 |
| 001 - CONTROL NUMBER | |
| control field | 65049 |
| 003 - CONTROL NUMBER IDENTIFIER | |
| rucl marc code | BD-RjUL |
| 005 - DATE AND TIME OF LATEST TRANSACTION | |
| control field | 20211209081400.0 |
| 008 - FIXED-LENGTH DATA ELEMENTS--GENERAL INFORMATION | |
| fixed length control field | 170226s1935 pk 000 0 eng |
| 035 ## - SYSTEM CONTROL NUMBER | |
| System control number | (BD-RjUL)65179 |
| 040 ## - CATALOGING SOURCE | |
| Original cataloging agency | DLC |
| Transcribing agency | CLS |
| Modifying agency | BD-RjUL |
| Language of cataloging | eng |
| 041 ## - LANGUAGE CODE | |
| Language code of text/sound track or separate title | eng |
| 082 ## - DEWEY DECIMAL CLASSIFICATION NUMBER | |
| Classification number | 956.1 |
| Edition number | 23 |
| Author mark and year | ADC 1935 |
| 100 1# - MAIN ENTRY--PERSONAL NAME | |
| Personal name | Adivar, Halide Edib, |
| Dates associated with a name | 1885-1964. |
| 9 (RLIN) | 192771 |
| 245 10 - TITLE STATEMENT | |
| Title | Conflict of East and West in Turkey / |
| Statement of responsibility, etc. | Halide Edib. |
| 250 ## - EDITION STATEMENT | |
| Edition statement | 1st ed. |
| 260 ## - PUBLICATION, DISTRIBUTION, ETC. (IMPRINT) | |
| Place of publication, distribution, etc. | Lahore : |
| Name of publisher, distributor, etc. | S.M. Ashraf, |
| Date of publication, distribution, etc. | 1935. |
| 300 ## - PHYSICAL DESCRIPTION | |
| Pagination | xvi, 301 p. ; |
| Size | 19 cm. |
| 651 #0 - SUBJECT ADDED ENTRY--GEOGRAPHIC NAME | |
| Geographic name | Turkey |
| General subdivision | History. |
| 9 (RLIN) | 192773 |
| Geographic name | Turkey |
| General subdivision | Civilization. |
| 9 (RLIN) | 192665 |
| 830 ## - SERIES ADDED ENTRY--UNIFORM TITLE | |
| Uniform title | Jamia Millia extension lectures, |
| 942 ## - ADDED ENTRY ELEMENTS (KOHA) | |
| Source of classification or shelving scheme | Dewey Decimal Classification |
| Koha item type | Books |
| Lost status | Source of classification or shelving scheme | Damaged status | Not for loan | Collection code | Permanent Location | Current Location | Shelving location | Date acquired | Source of acquisition | Cost, normal purchase price | Total Checkouts | Full call number | Date last seen | Copy number | Koha item type |
|---|---|---|---|---|---|---|---|---|---|---|---|---|---|---|---|
| Dewey Decimal Classification | Not For Loan | Non-fiction | Central Library, University of Rajshahi | Central Library, University of Rajshahi | Reading Room | 07/11/1956 | B.H. black Well | 15.00 | 956.1 ADC 1935 | 26/02/2017 | C-1 | Books | |||
| Dewey Decimal Classification | Non-fiction | Central Library, University of Rajshahi | Central Library, University of Rajshahi | 16/02/1955 | Warsi Book Corporation | 6.00 | 956.1 ADC 1935 | 27/02/2017 | C-2 | Books |